[Event "HSK-Weihnachtsopen 22"]
[Site "?"]
[Date "2022.12.27"]
[Round "1.1"]
[White "Colpe, Malte"]
[Black "Bahrs, Timo"]
[Result "1-0"]
[WhiteElo "2355"]
[BlackElo "1665"]
[PlyCount "83"]
[SourceVersionDate "2022.12.29"]

1. d4 Nf6 2. c4 c5 3. d5 b5 4. cxb5 a6 5. bxa6 g6 6. Nc3 Bg7 7. Nf3 Bxa6 8. g3
O-O 9. Bg2 d6 10. O-O Nbd7 11. Rb1 Nb6 12. b3 Bb7 13. e4 Ng4 14. Qc2 Bxc3 15.
Qxc3 Rxa2 16. Bb2 Nf6 17. Rfe1 Qd7 18. Qe3 Ng4 19. Qg5 f6 20. Qh4 Ba6 21. Bh3
h5 22. Re3 Kg7 23. Bc3 Kh6 24. Nd2 g5 25. Bxg4 Qxg4 26. Qxg4 hxg4 27. Kg2 f5
28. Rb2 Ra1 29. Rc2 f4 30. gxf4 gxf4 31. Bxa1 fxe3 32. fxe3 Bd3 33. Rc3 Be2 34.
Rc1 Kg5 35. Bc3 Ra8 36. Kg3 Nd7 37. e5 Rh8 38. exd6 Rh3+ 39. Kf2 Rxh2+ 40. Kg1
Rh3 41. Ne4+ Kg6 42. dxe7 1-0

[Event "HSK-Weihnachtsopen 22"]
[Site "?"]
[Date "2022.12.27"]
[Round "1.2"]
[White "Stoll, Robert"]
[Black "Ertan, Can"]
[Result "0-1"]
[WhiteElo "1642"]
[BlackElo "2352"]
[PlyCount "52"]
[SourceVersionDate "2022.12.29"]

1. d4 Nf6 2. c4 e6 3. Nc3 Bb4 4. Qc2 c5 5. e3 Nc6 6. Nf3 cxd4 7. Nxd4 d5 8.
Nxc6 bxc6 9. Bd2 O-O 10. Bd3 Ba6 11. cxd5 Bxd3 12. Qxd3 cxd5 13. O-O Rb8 14. a3
Bd6 15. Qd4 Rxb2 16. Rfd1 Qb8 17. h3 Rc8 18. a4 Bh2+ 19. Kf1 Be5 20. Qd3 Bxc3
21. Bxc3 Rb3 22. Rab1 Rcxc3 23. Qxc3 Rxb1 24. Rxb1 Qxb1+ 25. Ke2 Qa2+ 26. Kf3
Qxa4 0-1

[Event "HSK-Weihnachtsopen 22"]
[Site "?"]
[Date "2022.12.27"]
[Round "1.3"]
[White "Trisic, Aleksandar"]
[Black "Andris, Georg"]
[Result "1-0"]
[WhiteElo "2286"]
[BlackElo "1616"]
[PlyCount "73"]
[SourceVersionDate "2022.12.29"]

1. d4 Nf6 2. c4 g6 3. Nc3 d5 4. Qb3 c6 5. Bg5 Bg7 6. e3 O-O 7. Nf3 Qb6 8. Qxb6
axb6 9. cxd5 c5 10. Bc4 cxd4 11. Nxd4 Na6 12. O-O Nc5 13. Rfd1 h6 14. Bh4 g5
15. Bg3 Nfe4 16. Nxe4 Nxe4 17. Bc7 Nd6 18. Bb3 Nf5 19. Bxb6 Bd7 20. Nxf5 Bxf5
21. Bd4 Bxd4 22. Rxd4 Kg7 23. Rc1 Rfc8 24. Rdc4 Rxc4 25. Rxc4 Rc8 26. Rxc8 Bxc8
27. f3 Kf6 28. Kf2 Ke5 29. Ke2 f6 30. Kd3 b6 31. g3 Ba6+ 32. Bc4 b5 33. Bb3 Kd6
34. Kd4 b4 35. Bc4 Bc8 36. e4 Bd7 37. f4 1-0

[Event "HSK-Weihnachtsopen 22"]
[Site "?"]
[Date "2022.12.27"]
[Round "1.5"]
[White "Skibbe, Willi"]
[Black "Tegetmeier, Birger"]
[Result "1-0"]
[WhiteElo "2189"]
[BlackElo "1606"]
[PlyCount "49"]
[SourceVersionDate "2022.12.29"]

1. c4 e5 2. Nc3 Nf6 3. Nf3 Nc6 4. e3 d5 5. cxd5 Nxd5 6. Bc4 Nxc3 7. bxc3 Bd7 8.
e4 Be7 9. O-O O-O 10. Re1 Bf6 11. Rb1 Re8 12. h3 a6 13. Bf1 Rb8 14. d4 b5 15.
Ba3 Bc8 16. Bc5 Bb7 17. a4 bxa4 18. Qxa4 Qc8 19. Bc4 Be7 20. Bd5 Bxc5 21. Rxb7
Bb6 22. Bxc6 Rxb7 23. Bxb7 Qe6 24. Bd5 Qc8 25. Nxe5 1-0

[Event "HSK-Weihnachtsopen 22"]
[Site "?"]
[Date "2022.12.27"]
[Round "1.6"]
[White "Laucht, Philipp"]
[Black "Guenther, Patrick"]
[Result "1/2-1/2"]
[WhiteElo "1598"]
[BlackElo "2151"]
[PlyCount "86"]
[SourceVersionDate "2022.12.29"]

1. d4 Nf6 2. Bf4 b6 3. e3 Bb7 4. Nd2 d6 5. Ngf3 Nh5 6. Bg3 Nxg3 7. hxg3 g6 8.
Bc4 e6 9. c3 Bg7 10. Qc2 Nd7 11. O-O-O Qe7 12. Kb1 a6 13. Bd3 c5 14. Rh3 b5 15.
Rdh1 h6 16. Be4 d5 17. Bd3 c4 18. Be2 a5 19. g4 g5 20. e4 Kd8 21. exd5 Bxd5 22.
Ne4 Rg8 23. Re1 Kc7 24. Nfd2 Rgb8 25. Bf3 Qf8 26. Ng3 Nf6 27. Nge4 Nd7 28. Ng3
Nb6 29. Qh7 Qh8 30. Qxh8 Rxh8 31. Nh5 Bf8 32. Nf6 Rd8 33. Nde4 Bxe4+ 34. Nxe4
Rg8 35. Nf6 Rg6 36. Nh7 f5 37. Nxf8 Rxf8 38. gxf5 exf5 39. Bh5 Rd6 40. Re7+ Rd7
41. Rxd7+ Nxd7 42. Bg6 Rf6 43. Be8 Re6 1/2-1/2

[Event "HSK-Weihnachtsopen 22"]
[Site "?"]
[Date "2022.12.27"]
[Round "1.7"]
[White "Brinkmann, Fabian"]
[Black "Fasahat, Hossein"]
[Result "1-0"]
[WhiteElo "2147"]
[BlackElo "1591"]
[PlyCount "95"]
[SourceVersionDate "2022.12.29"]

1. e4 c5 2. Nf3 e6 3. c4 d6 4. d4 cxd4 5. Nxd4 Nc6 6. Nc3 a6 7. Be3 Nge7 8. Nc2
Ng6 9. Qd2 Be7 10. Na4 Qa5 11. Nb6 Qxd2+ 12. Bxd2 Rb8 13. Bc3 O-O 14. O-O-O Rd8
15. g3 e5 16. Be2 Bh3 17. Rhg1 Be6 18. h4 Nf8 19. Ne3 Nd7 20. Nbd5 Bf8 21. b4
b5 22. cxb5 axb5 23. Kb2 Rb7 24. f4 f6 25. f5 Bf7 26. g4 Ne7 27. g5 Nxd5 28.
Nxd5 Kh8 29. g6 Bg8 30. h5 h6 31. Be1 Nb6 32. Bf2 Nxd5 33. exd5 Re8 34. Rg3 e4
35. Rc3 Rbb8 36. Bg3 Rb7 37. Rc6 Rd8 38. Ra6 Re8 39. Kc3 Rc8+ 40. Kd4 e3 41.
Bd3 Re8 42. Re1 Rbb8 43. Bf4 Ra8 44. Bxb5 Rxa6 45. Bxa6 Rb8 46. b5 Rd8 47. Rxe3
Rd7 48. b6 1-0

[Event "HSK-Weihnachtsopen 22"]
[Site "?"]
[Date "2022.12.27"]
[Round "1.8"]
[White "Schubert, Torsten"]
[Black "Zieher, Hartmut"]
[Result "0-1"]
[WhiteElo "1582"]
[BlackElo "2120"]
[PlyCount "54"]
[SourceVersionDate "2022.12.29"]

1. d4 f5 2. c4 Nf6 3. Nc3 g6 4. g3 Bg7 5. Bg2 O-O 6. Bg5 e6 7. Qd2 Nc6 8. Nf3
d6 9. Rd1 Qe8 10. d5 Nd8 11. Bh6 e5 12. Bxg7 Kxg7 13. e4 Nxe4 14. Nxe4 fxe4 15.
Ng5 Bg4 16. Rc1 Bf3 17. O-O b6 18. Nxe4 a5 19. Qc3 Bxe4 20. Bxe4 Kg8 21. Qe3
Nb7 22. f4 exf4 23. Rxf4 Qe5 24. Rxf8+ Rxf8 25. Qe2 Re8 26. Re1 Nc5 27. Bf3
Qd4+ 0-1

[Event "HSK-Weihnachtsopen 22"]
[Site "?"]
[Date "2022.12.27"]
[Round "1.9"]
[White "Keyser, Robin"]
[Black "Yarina, Sergey"]
[Result "1-0"]
[WhiteElo "2117"]
[BlackElo "1571"]
[PlyCount "113"]
[SourceVersionDate "2022.12.29"]

1. d4 d5 2. Nf3 Nf6 3. c4 e6 4. g3 Be7 5. Bg2 c6 6. Qc2 O-O 7. O-O Nbd7 8. Nbd2
c5 9. cxd5 Nxd5 10. dxc5 Nxc5 11. a3 Bd7 12. e4 Nf6 13. b4 Ba4 14. Qc4 b5 15.
Qd4 Nd3 16. e5 Nxc1 17. Raxc1 Nd5 18. Ne4 a5 19. Nc5 axb4 20. axb4 Bxc5 21.
Rxc5 Nb6 22. Rfc1 Nc4 23. Qe4 Ra7 24. Bf1 Bb3 25. Rxb5 Nd2 26. Nxd2 Qxd2 27.
Qe1 Qd7 28. Rbc5 Ra2 29. Qc3 Bd5 30. Bc4 Bxc4 31. Rxc4 Rd2 32. Rc8 Rd1+ 33.
Rxd1 Qxd1+ 34. Kg2 Qd5+ 35. Kh3 g5 36. Rxf8+ Kxf8 37. Qc5+ Ke8 38. Qxd5 exd5
39. Kg4 Kd7 40. Kxg5 Kc6 41. Kf6 d4 42. Kxf7 d3 43. e6 d2 44. e7 d1=Q 45. e8=Q+
Kb6 46. Qe6+ Kb5 47. Qf5+ Kxb4 48. f4 h5 49. Kg6 h4 50. Qe4+ Kc5 51. Qe7+ Kc4
52. Qxh4 Qd7 53. f5+ Kc5 54. Qe4 Qd6+ 55. f6 Qa6 56. Qe5+ Kb4 57. Kg7 1-0

[Event "HSK-Weihnachtsopen 22"]
[Site "?"]
[Date "2022.12.27"]
[Round "1.10"]
[White "Kock, Rudolf"]
[Black "Schroeder, Christoph"]
[Result "0-1"]
[WhiteElo "1549"]
[BlackElo "2114"]
[PlyCount "44"]
[SourceVersionDate "2022.12.29"]

1. c4 e5 2. Nc3 Nf6 3. d3 d5 4. Bg5 d4 5. Ne4 Nxe4 6. Bxd8 Bb4+ 7. Qd2 Bxd2+ 8.
Kd1 Kxd8 9. dxe4 Bh6 10. Nf3 f6 11. h3 c5 12. g4 Nc6 13. b3 a6 14. a3 Be6 15.
Kc2 b5 16. Kd3 bxc4+ 17. bxc4 Rb8 18. Nd2 Rb2 19. e3 dxe3 20. fxe3 Kc7 21. Kc3
Rhb8 22. Bd3 Bxe3 0-1

[Event "HSK-Weihnachtsopen 22"]
[Site "?"]
[Date "2022.12.27"]
[Round "2.1"]
[White "Busse, Tom Niklas"]
[Black "Colpe, Malte"]
[Result "0-1"]
[WhiteElo "2005"]
[BlackElo "2355"]
[PlyCount "48"]
[SourceVersionDate "2022.12.29"]

1. d4 Nf6 2. Nf3 d5 3. g3 Bg4 4. Bg2 e6 5. h3 Bf5 6. c4 c6 7. Nc3 h6 8. Qb3 Qb6
9. c5 Qxb3 10. axb3 Na6 11. Ra4 Nd7 12. Nh4 Bc2 13. Kd2 Bh7 14. f4 g5 15. Nf3
gxf4 16. gxf4 Rg8 17. Bf1 Ndxc5 18. dxc5 Nxc5 19. Ra3 Ne4+ 20. Nxe4 dxe4 21.
Ne5 Bb4+ 22. Kc2 e3+ 23. Nd3 Bxa3 24. bxa3 Be4 0-1

[Event "HSK-Weihnachtsopen 22"]
[Site "?"]
[Date "2022.12.27"]
[Round "2.2"]
[White "Ertan, Can"]
[Black "Chmielewski, Axel"]
[Result "1-0"]
[WhiteElo "2352"]
[BlackElo "1918"]
[PlyCount "77"]
[SourceVersionDate "2022.12.29"]

1. e4 e6 2. d4 d5 3. Nc3 Bb4 4. e5 c5 5. a3 Bxc3+ 6. bxc3 Qc7 7. Qg4 Ne7 8.
Qxg7 Rg8 9. Qxh7 cxd4 10. Ne2 Qxe5 11. cxd4 Qf5 12. Qxf5 Nxf5 13. Bf4 Bd7 14.
Rb1 Bc6 15. g3 Nd7 16. Bh3 Ne7 17. Bd6 Ng6 18. Nf4 Nxf4 19. Bxf4 Nf6 20. O-O
Ne4 21. Rfe1 Rh8 22. Bg2 Nc3 23. Rb4 Kd7 24. Be5 Rh6 25. Re3 Na4 26. Rf3 Ke7
27. Bf4 Rh7 28. Bg5+ Kd7 29. Bf1 Rg8 30. h4 Rxg5 31. hxg5 Nb6 32. Bd3 Rg7 33.
Rf6 Ke7 34. f4 Nd7 35. Rh6 a6 36. Rb1 f6 37. Re1 e5 38. gxf6+ Nxf6 39. dxe5 1-0

[Event "HSK-Weihnachtsopen 22"]
[Site "?"]
[Date "2022.12.27"]
[Round "2.3"]
[White "Apitzsch, Leon Fabian"]
[Black "Trisic, Aleksandar"]
[Result "1/2-1/2"]
[WhiteElo "1993"]
[BlackElo "2286"]
[PlyCount "100"]
[SourceVersionDate "2022.12.29"]

1. e4 c5 2. Nf3 d6 3. Bb5+ Bd7 4. Bxd7+ Qxd7 5. c4 Nf6 6. Nc3 e5 7. d3 h6 8. h3
Be7 9. Be3 Nc6 10. a3 Bd8 11. O-O O-O 12. Nh2 Nh7 13. Qg4 Qxg4 14. Nxg4 h5 15.
Nh2 Nd4 16. Bxd4 cxd4 17. Nd5 Nf6 18. Nxf6+ Bxf6 19. g3 Bg5 20. f4 exf4 21.
gxf4 Bh6 22. f5 b5 23. b3 Rfb8 24. Rfb1 Rb6 25. Kf2 Rab8 26. cxb5 Rxb5 27. b4
a5 28. Rb3 g6 29. fxg6 fxg6 30. Nf3 Be3+ 31. Ke2 g5 32. Ra2 Rf8 33. Rbb2 g4 34.
hxg4 hxg4 35. Nh4 g3 36. Ng2 Rf2+ 37. Ke1 Rh5 38. Rxf2 gxf2+ 39. Rxf2 Bxf2+ 40.
Kxf2 axb4 41. axb4 Rb5 42. Ne1 Rxb4 43. Nf3 Kf7 44. Kg3 Ke6 45. Kf4 Ra4 46. Kg5
Kd7 47. Kf6 Kc6 48. e5 Ra8 49. Nxd4+ Kd5 50. Ne6 dxe5 1/2-1/2

[Event "HSK-Weihnachtsopen 22"]
[Site "?"]
[Date "2022.12.27"]
[Round "2.5"]
[White "Alpers, Arne"]
[Black "Skibbe, Willi"]
[Result "0-1"]
[WhiteElo "1856"]
[BlackElo "2189"]
[PlyCount "92"]
[SourceVersionDate "2022.12.29"]

1. d4 d5 2. c4 e6 3. Nc3 Nf6 4. cxd5 exd5 5. Bg5 Be7 6. e3 h6 7. Bh4 O-O 8. Bd3
Re8 9. Qc2 Nbd7 10. Nge2 c6 11. O-O Nh5 12. Bg3 Nxg3 13. Nxg3 Bf8 14. Rae1 Nf6
15. f3 c5 16. Qf2 Be6 17. Nce2 c4 18. Bb1 Qb6 19. Nf4 Rad8 20. Qc2 g6 21. Kh1
Bc8 22. Re2 Bg7 23. Qd2 h5 24. h4 Nh7 25. Qc2 Nf8 26. Nfxh5 gxh5 27. Nxh5 Qh6
28. g4 Rxe3 29. g5 Qxh5 30. Rxe3 Qxh4+ 31. Qh2 Qxh2+ 32. Kxh2 Bxd4 33. Re7 Bxb2
34. Kg3 Ba3 35. Re2 Bd6+ 36. f4 Ne6 37. Rh2 Bxf4+ 38. Rxf4 Nxf4 39. Kxf4 d4 40.
Bh7+ Kg7 41. Be4 Rh8 42. Rd2 d3 43. Ke3 Rh4 44. Rg2 b5 45. Rb2 Rxe4+ 46. Kxe4
c3 0-1

[Event "HSK-Weihnachtsopen 22"]
[Site "?"]
[Date "2022.12.27"]
[Round "2.6"]
[White "Andris, Valentin"]
[Black "Brinkmann, Fabian"]
[Result "0-1"]
[WhiteElo "1825"]
[BlackElo "2147"]
[PlyCount "80"]
[SourceVersionDate "2022.12.29"]

1. d4 d5 2. Nf3 Nf6 3. c3 e6 4. Bf4 Be7 5. h3 O-O 6. e3 b6 7. Nbd2 c5 8. Bd3
Ba6 9. Bxa6 Nxa6 10. O-O Bd6 11. Ne5 Qc7 12. Ndf3 Nb8 13. Rc1 c4 14. b4 Ne4 15.
g3 b5 16. Ng4 a5 17. Nd2 axb4 18. Nxe4 dxe4 19. Qc2 f5 20. Ne5 bxc3 21. Qxc3
Nc6 22. Rb1 Bxe5 23. dxe5 Qa5 24. Rfc1 Qa4 25. Rb2 Rfd8 26. Kg2 Rd3 27. Qe1
Rad8 28. Rcc2 Rc8 29. h4 Ne7 30. Qb4 Qxb4 31. Rxb4 Rc5 32. a4 Nd5 33. Rxb5 Rxb5
34. axb5 c3 35. Ra2 Rd2 36. Ra8+ Kf7 37. h5 Rb2 38. Bg5 c2 39. Rc8 Nb4 40. Rd8
h6 0-1

[Event "HSK-Weihnachtsopen 22"]
[Site "?"]
[Date "2022.12.27"]
[Round "2.7"]
[White "Zieher, Hartmut"]
[Black "Serrer, David"]
[Result "1-0"]
[WhiteElo "2120"]
[BlackElo "1853"]
[PlyCount "105"]
[SourceVersionDate "2022.12.29"]

1. e4 e5 2. Nf3 Nc6 3. Bb5 a6 4. Ba4 Nf6 5. O-O Be7 6. Re1 b5 7. Bb3 O-O 8. Nc3
d6 9. h3 Na5 10. d3 h6 11. Ne2 c5 12. Bd2 Nxb3 13. axb3 Be6 14. Ng3 Qd7 15. Ra5
Bd8 16. Ra3 a5 17. Qe2 a4 18. Rea1 Be7 19. c4 Qb7 20. bxa4 Rxa4 21. Rxa4 bxa4
22. Bc3 Bd7 23. Nf5 Bc6 24. N3h4 Rb8 25. Nxe7+ Qxe7 26. Nf5 Qf8 27. f4 Nd7 28.
Qf3 g6 29. Ne3 f5 30. Qg3 Kh7 31. exf5 gxf5 32. Nd5 Qf7 33. fxe5 Bxd5 34. cxd5
Qxd5 35. Rxa4 dxe5 36. Ra7 Rg8 37. Qf2 f4 38. Bxe5 Qxe5 39. Rxd7+ Rg7 40. Rxg7+
Kxg7 41. Kf1 Qd5 42. Qe2 Qd4 43. Ke1 Qg1+ 44. Kd2 Qd4 45. Kc1 Kf6 46. Qf3 h5
47. h4 Qg1+ 48. Kc2 Qd4 49. g3 Qa4+ 50. Kb1 Ke5 51. Qxh5+ Kd6 52. Qf3 Qa5 53.
Qxf4+ 1-0

[Event "HSK-Weihnachtsopen 22"]
[Site "?"]
[Date "2022.12.27"]
[Round "2.10"]
[White "Perschk, Bendix"]
[Black "Rolf, Marco"]
[Result "0-1"]
[WhiteElo "1686"]
[BlackElo "2098"]
[PlyCount "80"]
[SourceVersionDate "2022.12.29"]

1. e4 e6 2. c4 d5 3. exd5 exd5 4. d4 Nf6 5. cxd5 Nxd5 6. Nc3 Bb4 7. Bd2 O-O 8.
Bc4 Nb6 9. Bb3 Qxd4 10. Qf3 Bg4 11. Nge2 Bxf3 12. Nxd4 Re8+ 13. Kf1 Bh5 14.
Ncb5 Bxd2 15. Nxc7 N8d7 16. Nxa8 Rxa8 17. Bd1 Bg6 18. Bf3 Nc5 19. Rd1 Bf4 20.
g3 Be5 21. b4 Nd3 22. Bxb7 Re8 23. Nf3 Bf6 24. Kg2 Re2 25. Ba6 Rxf2+ 26. Kg1
Rxf3 27. Bxd3 Bxd3 28. Kg2 Re3 29. Kf2 Re2+ 30. Kf3 Bc4 31. Rd6 Rxa2 32. Rc1 h6
33. Rxb6 axb6 34. Rxc4 Rb2 35. h4 h5 36. g4 Rb3+ 37. Kf4 hxg4 38. Kxg4 Be7 39.
Rc8+ Kh7 40. Rc7 Rxb4+ 0-1

[Event "HSK-Weihnachtsopen 22"]
[Site "?"]
[Date "2022.12.28"]
[Round "3.1"]
[White "Colpe, Malte"]
[Black "Schroeder, Christoph"]
[Result "1/2-1/2"]
[WhiteElo "2355"]
[BlackElo "2114"]
[PlyCount "60"]
[SourceVersionDate "2022.12.29"]

1. Nf3 d5 2. g3 Nf6 3. Bg2 e6 4. O-O Be7 5. c4 O-O 6. b3 b6 7. Bb2 Bb7 8. cxd5
exd5 9. d4 c5 10. Nc3 Nc6 11. Rc1 cxd4 12. Nxd4 Qd7 13. Ncb5 Nxd4 14. Nxd4 Rac8
15. Qd3 Ne4 16. Rfd1 Rxc1 17. Rxc1 Rc8 18. Rxc8+ Qxc8 19. Qb5 Nd6 20. Qa4 a6
21. Qb4 b5 22. Qa5 Bd8 23. Qb4 Be7 24. Bf3 Qc7 25. Qd2 h6 26. Qd3 Bf6 27. Ba3
Ne4 28. Bb2 g6 29. a3 Kg7 30. e3 h5 1/2-1/2

[Event "HSK-Weihnachtsopen 22"]
[Site "?"]
[Date "2022.12.28"]
[Round "3.2"]
[White "Keyser, Robin"]
[Black "Ertan, Can"]
[Result "0-1"]
[WhiteElo "2117"]
[BlackElo "2352"]
[Annotator "turnier"]
[PlyCount "92"]
[SourceVersionDate "2022.12.29"]

1. d4 Nf6 2. c4 e6 3. g3 d5 4. Nf3 dxc4 5. Bg2 c5 6. O-O Nc6 7. dxc5 Qxd1 8.
Rxd1 Bxc5 9. Nbd2 c3 10. bxc3 Bd7 11. Rb1 O-O-O 12. Nb3 Bb6 13. Nbd4 Ne4 14.
Bb2 Rhe8 15. Nd2 Nd6 16. Ba3 e5 17. Bxd6 exd4 18. Rxb6 dxc3 19. Nc4 Rxe2 20.
Bf4 Be6 21. Rxd8+ Kxd8 22. Rb1 Bxc4 23. Rd1+ Ke7 24. Bf1 c2 25. Rc1 Nd4 26. Be3
Nf3+ 27. Kg2 Ne1+ 28. Kg1 Nf3+ 29. Kg2 {(=)} Rxe3 30. fxe3 Nd2 31. Bxc4 Nxc4
32. Kf3 Na3 33. Ke4 b5 34. Kd5 a5 35. Kc5 b4 36. h3 Ke6 37. Kd4 Kd6 38. Kd3 h5
39. Kd2 a4 40. Rf1 Nc4+ 41. Kc1 b3 42. axb3 axb3 43. e4 Kc5 44. Rxf7 Ne5 45.
Rf5 Kd4 46. Kd2 Nd3 0-1

[Event "HSK-Weihnachtsopen 22"]
[Site "?"]
[Date "2022.12.28"]
[Round "3.4"]
[White "Skibbe, Willi"]
[Black "Klaus, Christian"]
[Result "1/2-1/2"]
[WhiteElo "2189"]
[BlackElo "2095"]
[PlyCount "81"]
[SourceVersionDate "2022.12.29"]

1. d4 g6 2. e4 Bg7 3. c4 d6 4. Nc3 e5 5. dxe5 dxe5 6. Qxd8+ Kxd8 7. f4 exf4 8.
Bxf4 Bxc3+ 9. bxc3 Be6 10. Nf3 Na6 11. Ng5 Ke7 12. Nxe6 Kxe6 13. c5 Nxc5 14.
Bc4+ Ke7 15. Bxc7 Rc8 16. Be5 f6 17. Bd4 Ne6 18. Bxe6 Kxe6 19. O-O h5 20. Rf3
a6 21. Rb1 Rh7 22. a4 Rd7 23. Rf2 Rcc7 24. Rb6+ Rc6 25. Rxc6+ bxc6 26. Rb2 Ne7
27. Rb6 Ra7 28. Bc5 a5 29. Bxe7 Kxe7 30. Rxc6 Rb7 31. Rc5 Rb3 32. e5 Ra3 33.
Rxa5 Rxc3 34. exf6+ Kxf6 35. Rd5 Ra3 36. a5 Ra1+ 37. Kf2 Ra2+ 38. Kf3 Ra3+ 39.
Kf2 Ra2+ 40. Kf3 Ra3+ 41. Kf2 1/2-1/2

[Event "HSK-Weihnachtsopen 22"]
[Site "?"]
[Date "2022.12.28"]
[Round "3.5"]
[White "Brinkmann, Fabian"]
[Black "Porth, Hartmut"]
[Result "1/2-1/2"]
[WhiteElo "2147"]
[BlackElo "2006"]
[PlyCount "104"]
[SourceVersionDate "2022.12.29"]

1. d4 Nc6 2. Nf3 d5 3. g3 Bg4 4. Bg2 f6 5. c4 e6 6. O-O Qd7 7. Nc3 Bb4 8. a3
Bxc3 9. bxc3 Nge7 10. Re1 O-O 11. Nd2 Na5 12. f3 Bh5 13. e4 dxc4 14. Qe2 b5 15.
a4 b4 16. Bb2 Nec6 17. cxb4 Nxd4 18. Qd1 Ndb3 19. Nxb3 Qxd1 20. Raxd1 Nxb3 21.
g4 Be8 22. Bf1 Bxa4 23. Bxc4 Rfd8 24. Bxe6+ Kf8 25. Bc3 Rxd1 26. Rxd1 Nc5 27.
Bd5 Bxd1 28. Bxa8 Na4 29. Bd4 Nb6 30. Bc5+ Kf7 31. Bd5+ Nxd5 32. exd5 {(=)}
Bxf3 33. Bxa7 Bxg4 34. Bb8 Bf3 35. Bxc7 Bxd5 36. b5 Ke6 37. b6 Kf5 38. Bd6 Kg4
39. Kf2 f5 40. Be5 g5 41. Bd6 f4 42. Be5 h5 43. Bd6 h4 44. Bc7 Kh3 45. Kg1 Kg4
46. Kf2 h3 47. Bd6 Kf5 48. Be7 g4 49. Bd6 g3+ 50. Kg1 Kg4 51. b7 Bxb7 52. Bc7
Kf3 1/2-1/2

[Event "HSK-Weihnachtsopen 22"]
[Site "?"]
[Date "2022.12.28"]
[Round "3.6"]
[White "Atri, Jamshid"]
[Black "Zieher, Hartmut"]
[Result "0-1"]
[WhiteElo "2020"]
[BlackElo "2120"]
[PlyCount "98"]
[SourceVersionDate "2022.12.29"]

1. e4 e5 2. Nf3 Nc6 3. Bb5 a6 4. Ba4 Nf6 5. O-O b5 6. Bb3 Bc5 7. Nxe5 Nxe5 8.
d4 Bxd4 9. Qxd4 d6 10. c3 O-O 11. Bg5 h6 12. Bh4 c5 13. Qd1 Ng6 14. Bxf6 Qxf6
15. Nd2 Nf4 16. Qf3 Qg5 17. Kh1 c4 18. Bc2 Ng6 19. Qd1 Re8 20. Nf3 Qf6 21. Qd4
Qf4 22. Rae1 Bb7 23. Re3 Re6 24. g3 Qg4 25. Ng1 Rae8 26. f3 Qg5 27. Rfe1 f5 28.
Nh3 Qh5 29. Kg2 fxe4 30. Bxe4 Bxe4 31. Rxe4 Qf5 32. Rxe6 Rxe6 33. Rxe6 Qxe6 34.
Nf2 d5 35. f4 Ne7 36. g4 Qe2 37. Qa7 Kf7 38. Qxa6 Qxb2 39. Qa5 d4 40. cxd4 c3
41. Kf3 c2 42. Nd3 Qxd4 43. Qd2 c1=Q 44. Ne5+ Qxe5 45. Qxc1 Qd5+ 46. Kg3 Qxa2
47. h4 Qb3+ 48. Kg2 Qc4 49. Qd2 Qd5+ 0-1

[Event "HSK-Weihnachtsopen 22"]
[Site "?"]
[Date "2022.12.28"]
[Round "3.7"]
[White "Trisic, Aleksandar"]
[Black "Guenther, Patrick"]
[Result "1-0"]
[WhiteElo "2286"]
[BlackElo "2151"]
[PlyCount "81"]
[SourceVersionDate "2022.12.29"]

1. d4 d5 2. c4 c6 3. Nf3 Nf6 4. g3 g6 5. Bg2 Bg7 6. O-O O-O 7. b3 a5 8. Nc3 Bf5
9. Nh4 Be6 10. c5 Ne4 11. Bb2 Nxc3 12. Bxc3 Nd7 13. Qd2 Nf6 14. f3 a4 15. Rab1
Qd7 16. g4 Ra7 17. b4 Ne8 18. b5 cxb5 19. Kh1 b6 20. cxb6 Ra6 21. e4 Rxb6 22.
e5 Nc7 23. h3 f5 24. Rfc1 Na6 25. Ba5 Rb7 26. Bf1 Nb8 27. Rc5 b4 28. Rxb4 Rxb4
29. Qxb4 Nc6 30. Qxa4 Nxa5 31. Qxd7 Bxd7 32. Rxa5 fxg4 33. Ra7 Bc8 34. hxg4
Bxg4 35. Be2 Bh5 36. Rxe7 Rf4 37. Ng2 Rxd4 38. e6 Bf8 39. Rd7 Rd2 40. Nf4 Rxa2
41. Nxd5 1-0

[Event "HSK-Weihnachtsopen 22"]
[Site "?"]
[Date "2022.12.28"]
[Round "3.8"]
[White "Apitzsch, Leon Fabian"]
[Black "Busse, Tom Niklas"]
[Result "1/2-1/2"]
[WhiteElo "1993"]
[BlackElo "2005"]
[PlyCount "81"]
[SourceVersionDate "2022.12.29"]

1. d4 d5 2. c4 dxc4 3. e3 e6 4. Bxc4 Nf6 5. Nc3 a6 6. a4 Nbd7 7. Nge2 c5 8. O-O
Bd6 9. h3 O-O 10. e4 cxd4 11. Nxd4 Qc7 12. Qe2 Ne5 13. Bb3 Ng6 14. Be3 Rd8 15.
Rac1 Qa5 16. g3 Bb4 17. f3 Qh5 18. Kg2 e5 19. Nf5 Bxf5 20. exf5 Qxf5 21. Bxf7+
Kxf7 22. Qc4+ Qe6 23. Qxb4 Rd7 24. Ne4 Nxe4 25. fxe4+ Kg8 26. Rc2 h6 27. Rcf2
Kh7 28. Qc5 Rd3 29. Rf7 Rc8 30. Qb6 Qxb6 31. Bxb6 Rc2+ 32. R1f2 Rxf2+ 33. Kxf2
Rd2+ 34. Kf3 Rxb2 {(=)} 35. a5 Rb3+ 36. Kf2 Rb2+ 37. Kf1 Rb3 38. Kg2 Rb2+ 39.
Kg1 Rb1+ 40. Kf2 Rb2+ 41. Kf3 1/2-1/2

[Event "HSK-Weihnachtsopen 22"]
[Site "?"]
[Date "2022.12.28"]
[Round "3.9"]
[White "Chmielewski, Axel"]
[Black "Fasahat, Hossein"]
[Result "0-1"]
[WhiteElo "1918"]
[BlackElo "1591"]
[PlyCount "60"]
[SourceVersionDate "2022.12.29"]

1. d4 d5 2. c4 e6 3. Nf3 c5 4. cxd5 exd5 5. g3 Nc6 6. Bg2 h6 7. O-O Nf6 8. dxc5
Bxc5 9. Qc2 Bb6 10. a3 O-O 11. e3 Be6 12. b4 Rc8 13. Qe2 Re8 14. Bb2 Ne4 15.
Nbd2 Bg4 16. h3 Bh5 17. Kh2 f6 18. Rad1 Qe7 19. Rfe1 Qf7 20. g4 Bg6 21. Nh4 Bh7
22. Nxe4 dxe4 23. Nf5 Bc7+ 24. Kh1 Bxf5 25. gxf5 Kh8 26. f3 exf3 27. Bxf3 Qe7
28. Bd5 Bb6 29. Be6 Rc7 30. Rd3 Nd8 {Rest nicht rekonstruirbar... (nach 71
Züge:} 0-1

[Event "HSK-Weihnachtsopen 22"]
[Site "?"]
[Date "2022.12.28"]
[Round "3.10"]
[White "Mandelkow, Elias"]
[Black "Yarina, Sergey"]
[Result "1/2-1/2"]
[WhiteElo "1891"]
[BlackElo "1571"]
[PlyCount "138"]
[SourceVersionDate "2022.12.29"]

1. d4 e6 2. c4 b6 3. Nf3 Bb7 4. g3 Nf6 5. Bg2 Be7 6. O-O O-O 7. Nc3 Ne4 8. Nxe4
Bxe4 9. b3 c5 10. Bb2 Bf6 11. Qd2 Qc7 12. dxc5 Bxb2 13. cxb6 axb6 14. Qxb2 f5
15. Ne5 Ra5 16. Nd3 Nc6 17. Rfd1 g5 18. Qd2 Bxg2 19. Kxg2 f4 20. Rac1 Raf5 21.
Rf1 Nd4 22. Ne1 e5 23. g4 f3+ 24. exf3 Rf4 25. Rc3 Qc6 26. h3 Kh8 27. Qd1 Qf6
28. Re3 d6 29. Re4 Nxf3 30. Rxf4 Nh4+ 31. Kg1 gxf4 32. Nf3 e4 33. Nxh4 Qxh4 34.
Qd4+ Rf6 35. Qxe4 Qxh3 36. Qg2 Qc3 37. f3 Re6 38. Qh2 Qd4+ 39. Qf2 Re3 40. Kg2
Qe5 41. Qh4 Kg7 42. Rf2 h6 43. Qd8 Qd4 44. Qd7+ Kg8 45. Qf5 Kh8 46. Qg6 Re1 47.
Qxh6+ Kg8 48. Qg5+ Kh8 49. Qh5+ Kg7 50. g5 Re6 51. Qg4 Qe5 52. Rd2 Qe3 53. Rd5
Qe1 54. Qxf4 Re2+ 55. Kh3 Qh1+ 56. Kg4 Rg2+ 57. Kf5 Qh3+ 58. Ke4 Re2+ 59. Kd4
Qf1 60. Kc3 Qa1+ 61. Kb4 Qe1+ 62. Kb5 Qa5+ 63. Kc6 Qa8+ 64. Kxb6 Qb8+ 65. Kc6
Qa8+ 66. Kb6 Qb8+ 67. Kc6 Qc8+ 68. Kb6 Qb8+ 69. Kc6 Qc8+ 1/2-1/2

[Event "HSK-Weihnachtsopen 22"]
[Site "?"]
[Date "2022.12.28"]
[Round "4.1"]
[White "Ertan, Can"]
[Black "Rolf, Marco"]
[Result "1-0"]
[WhiteElo "2352"]
[BlackElo "2098"]
[PlyCount "99"]
[SourceVersionDate "2022.12.29"]

1. e4 e6 2. d4 d5 3. Nc3 Nf6 4. Bg5 dxe4 5. Nxe4 Be7 6. Bxf6 Bxf6 7. Nf3 O-O 8.
Bd3 Bxd4 9. Neg5 f5 10. Nxh7 Bxf2+ 11. Kxf2 Kxh7 12. Re1 Nc6 13. Bc4 Qe7 14.
Bxe6 Bxe6 15. Rxe6 Qc5+ 16. Kf1 Qc4+ 17. Kg1 Qg4 18. h3 Qf4 19. h4 Qg4 20. Qd7
Rad8 21. Qxc7 Nd4 22. Ng5+ Kg8 23. Qe7 Nxe6 24. Qxe6+ Kh8 25. Qg6 Qd4+ 26. Kf1
Qxh4 27. Ne6 Qh7 28. Nxf8 Rxf8 29. Qd6 Qh1+ 30. Kf2 Qh4+ 31. Kg1 Rd8 32. Qe5
Qd4+ 33. Qxd4 Rxd4 34. Rf1 Rd2 35. Rf2 Rd1+ 36. Kh2 Rd5 37. Re2 b5 38. Kg3 g5
39. Re8+ Kg7 40. Re7+ Kg6 41. Rxa7 Rd2 42. Rc7 g4 43. a3 Rd5 44. Kh4 Kf6 45.
Rc6+ Ke5 46. Kg5 Ke4 47. Re6+ Kd4 48. Kf4 Kc4 49. Rc6+ Kd4 50. Rc3 1-0

[Event "HSK-Weihnachtsopen 22"]
[Site "?"]
[Date "2022.12.28"]
[Round "4.2"]
[White "Zieher, Hartmut"]
[Black "Colpe, Malte"]
[Result "0-1"]
[WhiteElo "2120"]
[BlackElo "2355"]
[PlyCount "40"]
[SourceVersionDate "2022.12.29"]

1. e4 c5 2. Nc3 a6 3. Nge2 b5 4. d4 cxd4 5. Nxd4 e6 6. Be3 Bb7 7. Bd3 Nc6 8.
O-O Nxd4 9. Bxd4 Ne7 10. f4 Nc6 11. Be3 Be7 12. e5 d5 13. exd6 Qxd6 14. a4 b4
15. Ne4 Qd5 16. Qe2 Nd4 17. Qf2 Nf5 18. Bb6 O-O 19. Nc5 Bh4 20. Qf3 Qd4+ 0-1